000 00369nam a2200145Ia 4500
005 20240821155334.0
008 240821s9999||||xx |||||||||||||| ||und||
082 _a551.4 EMB
100 _aEmbleton, Clifford
245 0 _aProcess in geomorphology
260 _aLondon
_bArnold Heinemann
_c1980
300 _a436p
650 _aEarth sciences (Geology)
942 _cBK
999 _c109451
_d109451